Cities with the highest crime rate - Statistics

General Stats
  • This quiz has been taken 38 times
  • The average score is 5 of 20
Answer Stats
Crime index Answer % Correct
72.8 Detroit
67%
72.0 Baltimore
55%
81.4 Caracas
48%
80.8 Johannesburg
45%
73.7 Cape Town
42%
78.5 Memphis
33%
81.8 Pretoria
33%
72.0 Cali
27%
80.4 Durban
27%
71.5 Tijuana
24%
75.2 Rio de Janeiro
21%
75.9 Fortaleza
18%
76.5 Salvador
18%
74.4 Guayaquil
15%
78.6 Port Elizabeth
15%
74.9 Recife
12%
81.3 Port Moresby
9%
76.4 Port of Spain
9%
82.8 Pietermaritzburg
3%
79.4 San Pedro Sula
3%
No matching quizzes found
Score Distribution
Percent of People with Each Score
Percentile by Number Answered
Your Score History
You have not taken this quiz